Countries with Most Atheists/Irreligious - Statistics

General Stats
  • This quiz has been taken 165 times
  • The average score is 17 of 25
Answer Stats
% Answer % Correct
66 United Kingdom
93%
90 China
87%
76 Sweden
87%
39 United States
86%
53 Canada
83%
42 Finland
83%
59 Germany
83%
62 Japan
82%
53 France
79%
66 Netherlands
78%
52 Denmark
76%
51 Ireland
73%
58 Australia
72%
55 South Korea
72%
48 Belgium
71%
55 Spain
69%
75 Czech Republic
67%
44 Iceland
67%
54 Austria
64%
58 Switzerland
64%
54 Vietnam
54%
50 Latvia
43%
65 Israel
25%
39 Bulgaria
21%
54 Azerbaijan
11%
No matching quizzes found
Score Distribution
Percent of People with Each Score
Percentile by Number Answered
Your Score History
You have not taken this quiz